Práca s počítačom pre seniorov

Na minha lista:
Detalhes bibliográficos
Autor principal: Bolek, Vladimír, 1988-
Outros Autores: Romanová, Anita, 1973-, Grežo, Vladimír
Formato: Livro
Idioma:eslovaco
Publicado em: Topoľčany Mesto Topoľčany 2015
Edição:1. vyd.
Assuntos:
Tags: Adicionar Tag
Sem tags, seja o primeiro a adicionar uma tag!

MARC

LEADER 00000nam a2200000 4500
001 0208157
005 20240502073448.4
020 |a 978-80-972088-9-9 
041 0 |a slo 
044 |a SK 
245 1 0 |a Práca s počítačom pre seniorov  |c Vladimír Bolek ; recenzenti: Anita Romanová, Vladimír Grežo 
250 |a 1. vyd. 
264 1 |a Topoľčany  |b Mesto Topoľčany  |c 2015 
300 |a 48 s. [3,11 AH] 
610 2 0 |a seniori 
610 2 0 |a počítače osobné 
610 2 0 |a technológie informačné 
610 2 0 |a hardvér 
610 2 0 |a softvér 
610 2 0 |a programy počítačové 
610 2 0 |a internet 
610 2 0 |a komunikácia elektronická 
100 1 |a Bolek, Vladimír, 1988- 
700 1 |a Romanová, Anita, 1973- 
700 1 |a Grežo, Vladimír